| 000 | 01224cam a2200337 a 4500 | ||
|---|---|---|---|
| 001 | 16992607 | ||
| 005 | 20170105102855.0 | ||
| 008 | 111007s2012 nyuab b 000 0 eng | ||
| 010 | _a 2011041533 | ||
| 020 | _a9780316186599 | ||
| 040 |
_aDLC _cDLC _dDLC |
||
| 042 | _apcc | ||
| 043 |
_aa------ _af------ _an-us--- |
||
| 050 | 0 | 0 |
_aHV6433.M52 _bQ33144 2012 |
| 082 | 0 | 0 |
_a363.325092 _223 |
| 100 | 1 | _aMcDermott, Terry. | |
| 245 | 1 | 4 |
_aThe hunt for KSM : _binside the pursuit and takedown of the real 9/11 mastermind, Khalid Sheikh Mohammed / _cTerry McDermott and Josh Meyer. |
| 250 | _a1st ed. | ||
| 260 |
_aNew York, NY : _bLittle, Brown and Co., _c2012. |
||
| 300 |
_axviii, 350 p., [8] p. of plates : _bill., map ; _c25 cm. |
||
| 504 | _aIncludes bibliographical references (p. 334-335). | ||
| 600 | 1 | 0 |
_aMohammed, Khalid Shaikh, _d1965- |
| 610 | 2 | 0 | _aQaida (Organization) |
| 650 | 0 |
_aTerrorists _zIslamic countries. |
|
| 650 | 0 | _aSeptember 11 Terrorist Attacks, 2001. | |
| 650 | 0 |
_aTerrorism _zUnited States _xPrevention. |
|
| 700 | 1 | _aMeyer, Josh. | |
| 906 |
_a7 _bcbc _corignew _d1 _eecip _f20 _gy-gencatlg |
||
| 942 |
_2ddc _cBK |
||
| 999 |
_c14465 _d14465 |
||